Responses for show #5479 - Thursday, June 5, 2008

Donna Vogel game 1.

Contestants

Donna Vogel, a scientist from Bethesda, Maryland

John Brown, a middle school teacher from Tampa, Florida

Louis Burnoski, a civil engineer from Akron, Ohio (whose 1-day cash winnings total $22,001)

Jeopardy! Round responses

AMERICAN LIT
ALL NATURAL EATS
GOVERNMENT
THEY SAID IT
(Alex: You'll not be stating your case, but...)
CASING YOUR STATE
FROM THE FRENCH
    $200 1
Minnehaha

John
    $200 3
the apple

Donna
    $200 9
2 years

Louis
    $200 24
Zsa Zsa Gabor

Louis
    $200 20
(John: What is Georgia?)

Arizona

John
Triple Stumper
    $200 16
(Louis: What's, uh, retail?)

a franchise

LouisJohn
    $400 2
(Louis: What's The Miracle Maker?)

The Miracle Worker

LouisDonna
    $400 4
a squash

Louis
    $400 10
the city council

Donna
    $400 26
Dolly Parton

John
    $400 21
Kentucky

John
    $400 17
a dormouse

Donna
    $600 5
Alice Walker

John
    $600 6
asparagus

Donna
    $600 11
the Supreme Court of Massachusetts

Louis
    $600 27
Samuel Goldwyn

Triple Stumper
    $600 22
(John: What is New Mexico?)

Nevada

JohnDonna
    $600 18
(Donna: What's a buffet?)

a banquet

Donna
Triple Stumper
    $800 12
(George) Babbitt

Louis
    $800 7
a mushroom

Donna
    $800 14
(Alex: No--uh, yes, it is!)

the F.T.C. (the Federal Trade Commission)

John
    $800 28
Huckabee

Louis
    $1,000 23
(Donna: What is Wyoming?)

Montana

Donna
    $800 19
crêpe

Triple Stumper
    $1000 13
Margaret Mitchell

Louis
    $1000 8
celery

Donna
    $1000 15
Surveillance

Donna
    $1000 29
Dorothy Parker

Louis
    $1000 25
New Jersey

Donna

Scores at the first commercial break (after clue 15):

Louis John Donna
$2,600 $1,600 $4,400

Scores at the end of the Jeopardy! Round:

Louis John Donna
$4,400 $1,800 $4,800

Double Jeopardy! Round responses

HBO
"BIG" LOVE
EXTRAS
ROME
OZ
SIX FEET UNDER
    $400 26
Utah

Louis
    $400 4
the Big Bad Wolf

Louis
    $400 11
eucalyptus

John
    $400 1
togas

John
    $400 18
1939

Louis
    $400 16
Will Rogers

Louis
    $800 27
[Alex specifies Pirates of the Caribbean when reading the clue.]

Orlando Bloom

Louis
    $800 7
big stick

Louis
    $800 12
the ugly stepsisters

Donna
    $800 2
(John: What is oil?)

wine

JohnDonna
    $800 22
"Over The Rainbow"

Donna
    $800 17
(Frank) Sinatra

Donna
    $1200 28
(Louis: Who is Cassius?)

Pompey

LouisJohn
    $1200 8
The Big Sleep

Louis
    $1200 13
fancy

Donna
    $1200 3
apartments

Donna
    $1200 23
ruby slippers

John
    $1200 19
(Robert) Frost

Donna
    $1600 29
Edie Falco

Triple Stumper
    $1600 9
a bighorn sheep

Donna
    $1600 14
the pelvis

Donna
    $3,800 5
Aeneas

Louis
    $1600 24
the Tin Man

Louis
    $1600 20
Walter Reed

Donna
    $2000 10
the Big Rock Candy Mountain

Donna
    $2000 15
Gilbert & Sullivan

Louis
    $2000 6
(Alex: One of the celebrated hills of Rome, [*].)

the Palatine

Triple Stumper
    $2000 25
(Alex: Oh, you're going to hate yourselves! He played [*]! Pay no attention to that man behind the curtain!)

the Wizard

Triple Stumper
    $4,000 21
(Donna: Who is Synge?)

William Butler Yeats

Donna

Scores at the end of the Double Jeopardy! Round:

Louis John Donna
$15,000 $4,200 $14,400

[wagering suggestions for these scores]

Final Jeopardy! Round responses

THE GREAT CHEFS OF EUROPE
JohnWho was Étienne?
$4,200
DonnaWho was Escofier?
$5,999
LouisWho is Poisson?
$13,801
Georges Auguste Escoffier

Final scores:

Louis John Donna
$1,199 $0 $20,399
2nd place: $2,000 3rd place: $1,000 New champion: $20,399

Game dynamics:

Coryat scores:

Louis John Donna
$12,800 $4,200 $19,400
18 R
(including 1 DD),
3 W
10 R,
3 W
21 R,
3 W
(including 2 DDs)

Combined Coryat: $36,400

The J! Archive is created by fans, for fans. The Jeopardy! game show and all elements thereof, including but not limited to copyright and trademark thereto, are the property of Jeopardy Productions, Inc. and are protected under law. This website is not affiliated with, sponsored by, or operated by Jeopardy Productions, Inc. Join the discussion at JBoard.tv.